French Cities - Sudden Death - Statistics

General Stats
  • This quiz has been taken 93 times
  • The average score is 4 of 10
Answers on the Grid
Answers color-coded by a green-red scale on the quiz's grid according to % correct below.
Lattes
Perpignan
Charleroi
Nancy
Burges
Courmayeur
Merz
Le Tampon
Mersch
Sestriere
Esch-sur-Alzette
Limoges
Le Moule
Mons
Martigny
Nyon
Tours
Nevers
Caen
 
Answer Stats
Answer % Correct
Nancy
81%
Tours
73%
Perpignan
60%
Caen
57%
Limoges
55%
Nevers
32%
Le Tampon
16%
Le Moule
14%
Merz
14%
Lattes
10%
No matching quizzes found
Score Distribution
Percent of People with Each Score
Percentile by Number Answered
Your Score History
You have not taken this quiz